MUSIC (Record no. 216582)
[ view plain ]
| 000 -LEADER | |
|---|---|
| fixed length control field | 00383nam a22001457a 4500 |
| 008 - FIXED-LENGTH DATA ELEMENTS--GENERAL INFORMATION | |
| fixed length control field | 260216b |||||||| |||| 00| 0 eng d |
| 020 ## - INTERNATIONAL STANDARD BOOK NUMBER | |
| International Standard Book Number | 434 98509 0 |
| 050 ## - LIBRARY OF CONGRESS CALL NUMBER | |
| Classification number | MT 2 053 |
| 100 ## - MAIN ENTRY--PERSONAL NAME | |
| Personal name | Peter Dimond |
| 245 ## - TITLE STATEMENT | |
| Title | MUSIC |
| Remainder of title | ; Made Simple |
| 260 ## - PUBLICATION, DISTRIBUTION, ETC. | |
| Place of publication, distribution, etc. | London, Great Britain |
| Name of publisher, distributor, etc. | Made Simple Books HEINEMAN |
| Date of publication, distribution, etc. | 1982 |
| 300 ## - PHYSICAL DESCRIPTION | |
| Extent | 276 pages |
| 942 ## - ADDED ENTRY ELEMENTS (KOHA) | |
| Source of classification or shelving scheme | Library of Congress Classification |
| Koha item type | Long Loan Book |
| Withdrawn status | Lost status | Source of classification or shelving scheme | Damaged status | Not for loan | Collection | Home library | Current library | Shelving location | Date acquired | Inventory number | Total checkouts | Barcode | Date last seen | Date last checked out | Price effective from | Koha item type |
|---|---|---|---|---|---|---|---|---|---|---|---|---|---|---|---|---|
| Library of Congress Classification | Arts & Social Sciences | Kisii University Library | Kisii University Library | On Display | 02/16/2026 | 19317 | 1 | 022047 | 02/19/2026 | 02/16/2026 | 02/16/2026 | Long Loan Book |